000 00344nam a2200145Ia 4500
008 240624s9999 xx 000 0 und d
041 _aeng
082 _a174 SOV
100 _aSOVACOOL BENJAMIN K
245 _aENERGY SECURITY
260 _c2014
_aLondon
_bSage
300 _alxxviii, : 294 : p. : cm. ; 24
365 _cGBP
_b50
440 _v5
999 _c27215
_d27215